| 000 | 00356pab a2200157 454500 | ||
|---|---|---|---|
| 008 | 180718b2013 xxu||||| |||| 00| 0 eng d | ||
| 100 | _aTiwari, K.N. | ||
| 245 | _aRural education the way forward | ||
| 260 | _c2013 | ||
| 300 | _ap.3-10. | ||
| 362 | _aSep | ||
| 650 | _aEducation | ||
| 773 | _aKurukshetra (English) | ||
| 908 | _aN | ||
| 909 | _a100665 | ||
| 999 |
_c100664 _d100664 |
||